[Event "Lost Boys op"]
[Site "Antwerp"]
[Date "1997.08.06"]
[Round "5"]
[White "Gurevich, Mikhail"]
[Black "Nijboer, Friso"]
[Result "1-0"]
[WhiteElo "2620"]
[BlackElo "2605"]
[Annotator "Gurevich,M"]
[PlyCount "61"]
[EventDate "1997.08.02"]
[EventType "swiss"]
[EventRounds "9"]
[EventCountry "BEL"]
[SourceTitle "CBM 059 Extra"]
[Source "ChessBase"]
[SourceDate "1997.09.26"]
[SourceVersion "1"]
[SourceVersionDate "1997.09.26"]
[SourceQuality "1"]

1. c4 Nf6 2. Nc3 g6 3. g3 Bg7 4. Bg2 O-O 5. d3 d6 6. Rb1 $5 (6. Bg5 $5 h6 7.
Bd2 c6 $5 8. e4 Nbd7 (8... d5 $5 9. cxd5 cxd5 10. exd5 Na6 $5 $44) 9. Nge2 e5
10. h3 a6 11. O-O b5 12. Be3 Rb8 13. cxb5 $5 axb5 14. b4 $5 Bb7 15. a4 bxa4 16.
Rxa4 d5 $6 (16... c5 $142) 17. Ba7 $1 Ra8 18. Ra5 $14 {[/\ Nc3-a4-c5 Gurevich,
M-Nijboer,F Breda Dutch tch(play-off) 1-0(35) 1996]}) 6... c6 7. e4 d5 $5 (7...
e5) 8. exd5 cxd5 9. cxd5 (9. Nxd5 Nxd5 10. cxd5 (10. Bxd5 Nc6 $44) 10... Qa5+
11. Bd2 Qxa2 $13) 9... Na6 $5 {[/\10...Nb4,10...Nc7]} 10. Nge2 Bg4 $5 (10...
Nb4 11. Nf4 g5 12. a3 $5 gxf4 13. axb4 fxg3 14. hxg3 Bf5 15. Bh6 $14) 11. h3 (
11. O-O Nb4 12. Qb3 Bxe2 13. Nxe2 Nbxd5 $13 14. Qxb7 $6 Qa5 $1 $36) 11... Bxe2
12. Kxe2 $5 (12. Qxe2 Nb4 13. O-O Nfxd5 14. Nxd5 Nxd5 $13 15. Bg5 Qd7) 12...
Nc7 (12... Qd7 $5 13. Re1 Rfd8 14. Kf1 Nb4 $132) 13. Qb3 b5 $1 {[/\14...b4<=>]}
(13... e6 14. Bg5 $5 Ncxd5 15. Nxd5 exd5 16. Rhe1 $1 h6 17. Bxf6 Qxf6 18. Kf1
$14) (13... Rb8 14. Be3 $14) 14. Be3 $5 {[><d4 /\15.d6]} (14. Bf4 $5 b4 (14...
e5 15. Bg5 $1 (15. dxe6 Nxe6 16. Be3 Rb8 $36) (15. Bxe5 Re8 16. d4 b4 17. Qxb4
Ncxd5 18. Nxd5 Nxd5 $36) 15... h6 16. Bxf6 Qxf6 17. Ne4 Qb6 18. Rhc1 $14) 15.
Bxc7 Qxc7 16. Qxb4 (16. d6 Qxd6 17. Bxa8 bxc3 $44) (16. Ne4 Rac8 $44) 16...
Rab8 17. Qc4 Qe5+ 18. Kf1 Rfc8 $36) (14. d6 Ne6 15. Be3 Rb8 16. dxe7 (16. Bxa7
Qd7 17. Be3 (17. Bxb8 $4 Nd4+ $19) 17... Qxd6 $44) 16... Qxe7 17. Kf1 Rfd8 18.
Rd1 h5 $1 $36) 14... b4 $1 (14... a5 $6 15. d6 Qxd6 16. Bxa8 $16) (14... Rb8
15. Bxa7 Rb7 16. Bd4 $16) (14... b4 {[#]}) 15. d6 $1 (15. Qxb4 Ncxd5 16. Nxd5
Nxd5 17. Bxd5 (17. Qb7 Nxe3 18. Qxa8 (18. fxe3 Qd6 $1 $36) 18... Qa5 19. Qe4
Nxg2 20. Qxg2 Bxb2 $1 21. Rhd1 Qxa2 22. Kf1 Bd4 $15) 17... Qxd5 18. Qc4 Qd7 $1
$44 {(/\19...Rfc8<=>)}) 15... Qxd6 16. Bxa8 (16. Ne4 $6 Nxe4 17. dxe4 Qa6+ $1
$36) 16... bxc3 17. Bb7 $1 {[><a6]} (17. Bg2 Nfd5 18. d4 Qa6+ $1 19. Ke1 (19.
Kf3 Qf6+ 20. Ke2 Qa6+) 19... Nxe3 20. fxe3 Qd3 21. Kf2 Qd2+ 22. Kf3 Ne6 $17)
17... Nfd5 18. d4 cxb2 19. Bxd5 (19. Qxb2 e5 $1 20. dxe5 Bxe5 21. Bd4 Nf4+ $1
22. gxf4 Bxd4 $40) (19. Rxb2 Rb8 $5 20. Rc1 Nxe3 21. fxe3 Qxg3 $36) 19... Nxd5
20. Rxb2 Nxe3 $1 (20... e5 21. dxe5 Qxe5 22. Rd2 Nc3+ (22... Nxe3 23. Qxe3 Qb5+
24. Qd3 Re8+ 25. Kf3 $1 Qc6+ 26. Qd5 $16) 23. Kf1 Rb8 (23... Qe4 24. Kg1 $16)
24. Qc4 $16) 21. fxe3 Qxg3 (21... e5 $1 22. Rd1 (22. d5 $2 e4 $40) (22. dxe5
Qxe5 23. Rd2 Qxg3 24. Qd5 Re8 $36) (22. Kf3 $6 exd4 $13 23. exd4 $2 Qc6+ $1 24.
d5 Qf6+ $19) (22. Qb4 Qd5 23. Qb7 Qc4+ $1 24. Kf3 exd4 $36) 22... exd4 23. exd4
Bxd4 (23... Re8+ 24. Kf1 Bxd4 (24... Qc6 $6 25. d5 Qa6+ (25... Qf6+ 26. Rf2 $16
) 26. Qb5 Qc8 27. Rg2 $14) 25. Rbd2 (25. Qa4 Re4 26. Rbd2 Qxg3 $1 27. Rxd4 Qf3+
28. Kg1 Re2 29. Rd8+ Kg7 30. Qd4+ Kh6 31. Qh4+ Kg7 32. Qd4+ $11) 25... Qc6 $1
26. Rxd4 Qh1+ 27. Kf2 Qh2+ 28. Kf1 $11) 24. Rbd2 Re8+ 25. Kf1 Qc6 $11) 22. Qd5
e5 23. dxe5 Bxe5 24. Rb7 $36 Bc7 25. Rf1 $1 (25. Qf3 Qd6 26. Rxa7 (26. Rd1 Qa6+
27. Kf2 (27. Ke1 Bg3+ $1 $19) 27... Qxa2+ $17) 26... Rd8 $1 $36) 25... Qxh3 $1
(25... Bb6 $2 26. Rfxf7 Qxe3+ 27. Kd1 $18) 26. Rxa7 $1 (26. Rxc7 Qh2+ $19)
26... Qg4+ 27. Kd3 $1 Rd8 $2 $138 (27... Qc8 $6 28. Qc4 $1 (28. Qc6 $2 Rd8+ 29.
Kc2 (29. Ke2 Qg4+ 30. Qf3 Qc4+ $19) 29... Bb6 $19) 28... Bb6 (28... Qh3 29. Kc2
$1 Qg2+ 30. Kb3 Rb8+ 31. Ka4 $18) 29. Qxc8 Rxc8 30. Raxf7 (30. Rb7 $5) 30...
Rd8+ 31. Ke2 Ra8 32. Rb7 Rxa2+ 33. Kf3 Bc5 34. Rd1 $14) (27... Qg3 $5 28. a4
Kg7 {(/\29...Rd8)} (28... h5 $5) 29. Ra8 Bb8 30. a5 Qc7 31. a6 Rc8 (31... Rd8
32. Rxf7+ Qxf7 33. Qxd8 Qf1+ 34. Kc3 $16) 32. Rxf7+ Qxf7 33. Qxf7+ Kxf7 34. a7
Rd8+ 35. Ke2 Bxa7 36. Rxd8 $14) 28. Ra8 Rxa8 29. Qxa8+ Kg7 30. Qe8 $1 $18 (30.
Qd5 f6 $14) 30... Bf4 $2 (30... Qe6 31. Qxe6 fxe6 32. a4 h5 33. Rc1 Ba5 34. Rc5
$18) (30... Qg3 31. Rxf7+ Kh6 32. Qf8+ Kh5 (32... Kg5 33. Qe7+ $18) 33. Rxh7+
Kg4 34. Qc8+ $18) 31. exf4 1-0

[Event "ISR-ch"]
[Site "Tel Aviv"]
[Date "2002.11.24"]
[Round "1"]
[White "Kreizberg, Michael"]
[Black "Mikhalevski, Victor"]
[Result "1-0"]
[WhiteElo "2346"]
[BlackElo "2524"]
[Annotator "Hecht,H"]
[PlyCount "147"]
[EventDate "2002.11.24"]
[EventType "swiss"]
[EventRounds "9"]
[EventCountry "ISR"]
[SourceTitle "CBM 093"]
[Source "ChessBase"]
[SourceDate "2003.04.01"]
[SourceVersion "1"]
[SourceVersionDate "2003.04.01"]
[SourceQuality "1"]

1. Nf3 Nf6 2. c4 g6 3. Nc3 d5 4. cxd5 Nxd5 5. e4 Nxc3 6. dxc3 Qxd1+ 7. Kxd1 f6
8. Kc2 e5 9. Be3 Nd7 10. Nd2 a5 11. f3 Bc5 12. Nc4 Ke7 13. a4 b6 14. Bh6 Nf8
15. h4 Ne6 16. b3 Kf7 17. Nb2 Bf8 18. Be3 h5 19. Bc4 Bh6 20. Bf2 Ke7 21. Rad1
Rb8 22. Bb5 Nf4 23. g3 Nh3 24. Be1 Be3 25. Rd3 Bc5 26. b4 axb4 27. cxb4 Bf2 28.
Rc3 Bd4 29. Rxc7+ Kd8 30. Rc6 Ke7 31. Nc4 Ng1 32. f4 Nf3 33. Bc3 Bg4 34. fxe5
fxe5 35. Rf1 Rbc8 36. Rxg6 Rhd8 37. Rg7+ Ke6 38. Rb7 Rd6 39. Kb3 Bxc3 40. Nxd6
Kxd6 41. Rxb6+ Ke7 42. Rb7+ Kd6 43. Rb6+ Ke7 44. Rb7+ Kd6 45. Rxf3 Bxb4 46.
Rf6+ Kc5 47. Bd3 Be1 48. Rb5+ Kd4 49. Rd6+ Ke3 50. Bc2 Be2 51. Rdd5 Bc4+ 52.
Kb2 Bxd5 53. exd5 e4 54. d6 Kd4 55. Rxh5 Bxg3 56. Rb5 Bxd6 57. h5 Bf4 58. Rb4+
Rc4 59. Rxc4+ Kxc4 60. Bxe4 {[#] Wenn Schwarz Remis machen will, dann gehört
der König nach h8, während sich der Läufer gegen den a-Bauern zu opfern hat.}
Kb4 $2 (60... Kd4 61. a5 Ke5 62. a6 Be3 63. h6 Kf6 64. Kb3 Kf7 {[%cal Rf7g8]}
65. Bh7 Kf6 $11 {[%cal Rf6g5]}) 61. Bc2 (61. Bc6 Kc5 62. Bb5 Kd6 63. a5 Ke7 64.
a6 Bb8 65. h6 (65. Bc4 Kf6 $1 $11 (65... Kf8 $2 66. h6 $1 $18)) 65... Kf7 $1
$11 (65... Kf6 $2 66. Be8 $1 $18)) 61... Be3 (61... Kc5 62. Kb3 Kd6 63. a5 Ke7
64. a6 Bb8 65. h6 Kf7 66. Bh7 Kf6 $11) 62. Bd1 Kc4 (62... Bh6 63. Bb3 Bg5 64.
Kc2 Bh6 65. Kd3 Kxb3 66. a5 Bf4 67. a6 Bb8 68. h6 $18) 63. Kc2 Kd4 64. a5 Ke5
65. Kd3 Bg1 66. h6 Kf6 67. Bh5 $3 {Jetzt gelangt der König nicht in die
rettende Ecke h8.} Bh2 68. a6 Bb8 69. Ke4 Ba7 70. Kd5 Be3 71. Kc6 Bd4 72. Kb7
Ke7 73. h7 Kf8 74. a7 1-0

[Event "RUS-ch 54th"]
[Site "Elista"]
[Date "2001.05.07"]
[Round "7"]
[White "Korobov, Ilya"]
[Black "Feoktistov, Alexey A"]
[Result "1-0"]
[WhiteElo "2347"]
[BlackElo "2375"]
[Annotator "Hecht,H"]
[PlyCount "83"]
[EventDate "2001.04.29"]
[EventType "swiss"]
[EventRounds "9"]
[EventCountry "RUS"]
[SourceTitle "CBM 083"]
[Source "ChessBase"]
[SourceDate "2001.07.05"]
[SourceVersion "1"]
[SourceVersionDate "2001.07.05"]
[SourceQuality "1"]

1. c4 Nf6 2. Nc3 d5 3. cxd5 Nxd5 4. g3 g6 5. Bg2 Nxc3 6. bxc3 Bg7 7. Rb1 O-O 8.
Rxb7 Bxb7 9. Bxb7 Nd7 10. Bxa8 Qxa8 11. Nf3 Ne5 12. O-O Nxf3+ 13. exf3 Qd5 14.
Qa4 a5 15. Re1 e6 16. Kg2 c5 17. c4 Qd3 18. Qxa5 Qxc4 19. d3 Qxd3 20. Qxc5 Ra8
21. Qc6 Qd5 22. Qxd5 exd5 {[#] Thema: Entfernter weißer Freibauer} 23. a3 Rc8
24. Rd1 f5 25. Bd2 Kf7 26. a4 Rc4 27. a5 Rd4 $2 {Zeitverschwendung!} (27... Ra4
$142 28. Kf1 Ke6 29. Rb1 Bd4 $16) 28. Kf1 Rd3 29. Ke2 Ra3 30. Rc1 Be5 31. f4
Bf6 (31... Bd6 $142 32. Rc6 Be7 (32... Ke7 $2 33. Rxd6 Kxd6 34. Bb4+ $18) 33.
a6 Ke8 34. Be3 Kd7 35. Rb6 Ra2+ 36. Kd3 Kc8 $16) 32. Rc7+ Kg8 33. Rc8+ Kf7 34.
Rc7+ Kg8 35. Rc6 Kf7 36. a6 Bd4 $2 (36... Ra2 $142) 37. Be3 $18 Bf6 (37... Bxe3
38. fxe3 Ke7 39. Kd2 Kd7 40. Rf6 Ke7 41. Rb6 Kd7 42. h4 Kc7 43. Rf6 $18 {
[%cal Rh4h5]}) 38. Bc5 Ra2+ 39. Kd3 Bd8 40. a7 Ra5 41. Rc8 Be7 42. Rc7 1-0

[Event "Pamplona"]
[Site "Pamplona"]
[Date "1999.12.31"]
[Round "5"]
[White "Gelfand, Boris"]
[Black "De la Villa Garcia, Jesus Maria"]
[Result "1-0"]
[WhiteElo "2713"]
[BlackElo "2473"]
[Annotator "Hecht,H"]
[PlyCount "105"]
[EventDate "1999.12.27"]
[EventType "tourn"]
[EventRounds "9"]
[EventCountry "ESP"]
[EventCategory "15"]
[SourceTitle "CBM 075"]
[Source "ChessBase"]
[SourceDate "2000.04.05"]
[SourceVersion "1"]
[SourceVersionDate "2000.04.05"]
[SourceQuality "1"]

1. Nf3 Nf6 2. c4 g6 3. Nc3 Bg7 4. e4 e5 5. Nxe5 Qe7 6. d4 d6 7. Nf3 Nxe4 8. Nd5
Qd8 9. Bd3 O-O 10. Bxe4 Re8 11. Nc3 f5 12. Bg5 Qd7 13. O-O fxe4 14. Nd2 Qf5 15.
Ndxe4 h6 16. Bh4 Rxe4 17. Nxe4 Qxe4 18. Re1 Qf5 19. Re8+ Kh7 20. d5 g5 21. Bg3
Nd7 22. Qf3 Qxf3 23. gxf3 Bxb2 24. Rae1 Bf6 25. f4 Kg7 26. f5 Kf7 27. R8e6 Ne5
28. Bxe5 dxe5 29. Rb1 Bxe6 30. fxe6+ Ke7 31. Rxb7 Kd6 32. f3 a5 33. a4 {
[#] Schwarz versäumt, die weiße Bauernkette zu sprengen und dabei mit seinem
König aktiv zu werden. Stattdessen läßt er den weißen König kommen und gerät
in Schwierigkeiten} h5 $6 {[%mdl 20480]} (33... Rc8 $1 34. Rb5 (34. Kf2 Kc5 35.
Ke3 Kxc4 36. Ke4 Be7 $19) 34... c6 35. Rxa5 cxd5 36. cxd5 Rc2 $1 {mit der Idee
g4} (36... Rc5 $6 37. Rxc5 Kxc5 38. a5 Kxd5 39. a6 Kc6 40. Kf2 Kb6 41. Ke3 Kxa6
42. Ke4 Kb6 43. Kf5 Be7 44. Kxe5 Kc6 45. Kf5 Kd5 46. h4 $1 $11)) 34. Kf2 Rc8
35. Ke3 g4 36. fxg4 hxg4 37. Ke4 Bg7 38. Rb5 Rf8 39. c5+ Ke7 40. Rb7 Rf4+ 41.
Ke3 Kf6 42. Rxc7 Rd4 (42... Rxa4 43. Rf7+ Kg6 44. d6 Bh6+ $13 {mit
wahrscheinlichem Remisschluss}) 43. e7 Bh6+ (43... Kf7 44. e8=Q+ (44. d6 $1 Bf6
45. Rc8 Bxe7 46. Rc7 {siehe Partie}) 44... Kxe8 45. Rxg7 Rxd5 46. c6 Kd8 47.
Rxg4 Rc5 48. Ke4 Rxc6 49. Kxe5 {und Weiß kann Gewinnversuche starten}) 44. Ke2
Kf7 45. d6 Bg5 46. Rc8 Bxe7 47. Rc7 Ke6 48. Rxe7+ Kd5 49. Rc7 Ke6 50. Ke3 Rd5
51. Re7+ Kf6 52. Re8 Rd4 53. c6 1-0

[Event "RUS-chT 06th"]
[Site "St Petersburg"]
[Date "1999.05.22"]
[Round "7"]
[White "Meshkov, Yuri A"]
[Black "Yandemirov, Valeri"]
[Result "0-1"]
[WhiteElo "2397"]
[BlackElo "2475"]
[Annotator "Hecht,H"]
[PlyCount "110"]
[EventDate "1999.05.16"]
[EventType "team-tourn"]
[EventRounds "9"]
[EventCountry "RUS"]
[SourceTitle "EXT 2020"]
[Source "ChessBase"]
[SourceDate "2019.10.17"]
[SourceVersion "1"]
[SourceVersionDate "2019.10.17"]
[SourceQuality "1"]
[WhiteTeam "Smolensk TsEM"]
[BlackTeam "Kazan Sberbank-Tatarstan"]
[WhiteTeamCountry "RUS"]
[BlackTeamCountry "RUS"]

1. c4 Nf6 2. Nc3 d5 3. cxd5 Nxd5 4. g3 g6 5. Bg2 Nxc3 6. bxc3 Bg7 7. Rb1 Nd7 8.
Nf3 O-O 9. c4 e5 10. d3 Rb8 11. h4 b6 12. h5 Bb7 13. hxg6 hxg6 14. Bh6 Bxh6 15.
Rxh6 Qf6 16. Rh4 Kg7 17. Qd2 Rh8 18. Rxh8 Rxh8 19. e4 Nc5 20. Qc3 Re8 21. Kf1
Qd6 22. Ne1 Rd8 23. Kg1 Bc6 24. Bf1 f6 25. Qc1 Ne6 26. Nf3 Nc5 27. Ne1 Bd7 28.
Qe3 Bg4 29. f3 Bd7 30. Rb2 Rh8 31. f4 Ne6 32. Rf2 Nd4 33. fxe5 fxe5 34. Nf3
Nxf3+ 35. Qxf3 Rf8 36. Qe3 Rxf2 37. Kxf2 Qd4 38. Qxd4 exd4 39. Be2 Kf6 40. a3
Ke5 41. Ke1 c5 42. Kd2 a6 43. Bd1 b5 44. cxb5 axb5 45. Bf3 c4 46. Be2 Be6 47.
Bf3 Kd6 48. Bd1 Kc5 49. Bc2 Kb6 50. Bd1 Ka5 51. Bc2 Bg4 {[#]} 52. Bd1 $2 (52.
Kc1 c3 53. Bb3 b4 54. axb4+ Kxb4 55. Bf7 g5 {was dem schwarzen König den
möglichen Erfolgsweg via c5-d6-e5-f6 nach g5 verbaut. Nur so konnte Weiß auf
Überleben hoffen. Bitte nachprüfen!}) 52... c3+ 53. Kc1 Bxd1 54. Kxd1 {Weiß
kann zwar ein Damenendspiel erreichen, das aber bei zwei Minusbauern und den
ideal postierten schwarzen Hauptfiguren hoffnungslos ist.} Ka4 55. e5 Kxa3 (
55... Kxa3 56. e6 (56. Kc2 b4 57. e6 b3+ 58. Kb1 b2 59. e7 Kb3 60. e8=Q c2#)
56... Kb2 57. e7 c2+ 58. Ke2 c1=Q 59. e8=Q Qc2+ 60. Ke1 Qxd3 $19) 0-1

[Event "Pyramiden Franken Cup 4th"]
[Site "Fuerth"]
[Date "2001.08.25"]
[Round "8"]
[White "Lobron, Eric"]
[Black "Jansa, Vlastimil"]
[Result "0-1"]
[WhiteElo "2524"]
[BlackElo "2466"]
[Annotator "Jansa,V"]
[PlyCount "122"]
[EventDate "2001.08.18"]
[EventType "swiss"]
[EventRounds "9"]
[EventCountry "GER"]
[SourceTitle "EXT 2010"]
[Source "ChessBase"]
[SourceDate "2010.11.25"]
[SourceVersion "1"]
[SourceVersionDate "2010.11.25"]
[SourceQuality "1"]

1. Nf3 Nf6 2. c4 g6 3. Nc3 d5 4. Qa4+ Bd7 5. Qb3 dxc4 6. Qxc4 Bg7 7. e4 O-O 8.
e5 Ng4 9. d4 Be6 {Verhindert h3.} 10. d5 Bf5 11. Bf4 Nd7 12. Qe2 g5 (12... f6
13. e6 Nde5 {Unklar.}) (12... e6 13. h3) 13. Bg3 (13. Bxg5 Ndxe5 (13... Ngxe5))
13... e6 14. O-O-O Qe7 15. h3 Nh6 16. Qe3 Bg6 17. dxe6 (17. Qxg5 Qxg5+ 18. Nxg5
Nf5) 17... fxe6 18. Qxg5 Rae8 (18... Qxg5+ 19. Nxg5 Nxe5 20. Nxe6 Nf5 21. Bf4
$16) (18... Qe8 19. Bd3 $16) 19. Qxe7 Rxe7 20. Bh4 Ref7 21. Ng5 Bxe5 22. Nxf7
Bf4+ 23. Rd2 Rxf7 24. Bg3 Bxd2+ 25. Kxd2 Nb6 {Beide Seiten sind hier schon in
Zeitnot.} (25... Nf5 26. Bxc7 Nc5) (25... Nc5 {Hier sind alle drei
Alternativen denkbar. Vermutlich war Sc5 die staerkste Fortsetzung. Schwer zu
sagen...} 26. Bc4 Rd7+ 27. Kc1 Nd3+ 28. Bxd3 Bxd3) 26. Be2 Nf5 27. Be5 Rd7+ 28.
Kc1 Nd4 29. Bg4 Kf7 30. Re1 Bf5 31. Bh5+ Bg6 32. Bxg6+ hxg6 33. Re4 Nc6 {
Der Laeufer muss von der langen Diagonale vertrieben werden. Weiss steht ein
bisschen besser.} 34. Bg3 Nd5 35. Rc4 Nxc3 36. Rxc3 e5 37. Re3 Kf6 38. Rf3+ Kg7
39. Rb3 b6 $14 40. Rc3 Rd6 41. b4 Kf6 {Der Weisse fer steht nicht gut. Nach b5
kommt Sd4. Die Stellungistausgeglichen.} 42. a3 Nd4 43. Rxc7 Ne2+ 44. Kc2 Nxg3
45. fxg3 {Der weisse Mehrbauer wird durch die Aktivitaet der weissen Figuren
kompensiert.} a6 (45... e4 46. b5 {Mit der Idee Tc6 und Weiss steht gut.}) 46.
a4 Kf5 (46... e4 47. b5 axb5 48. axb5 Ke6 49. Rc6 Rxc6+ 50. bxc6 b5 51. Kc3)
47. Rf7+ Ke4 48. Rf3 Rd4 49. Rf6 (49. Kc3 a5) 49... Rxb4 50. Rxg6 Ke3 51. h4
Rxa4 52. h5 Ra2+ 53. Kc3 Rxg2 54. h6 Rh2 55. g4 Kf4 56. g5 Rh3+ (56... a5) 57.
Kd2 Rh2+ 58. Kc3 Rh3+ 59. Kc2 Rh2+ 60. Kd1 a5 61. Rg7 a4 {Weiss ueberschreitet
in Unkenntniss der zeitlichen Turnierregularien die Zeit.} 0-1